[Event "Xtracon Chess Open 2018"]
[Site "Elsinore"]
[Date "2018.07.26"]
[Round "7"]
[White "Rasmussen, Ole"]
[Black "Tolba, Henri"]
[Result "0-1"]
[WhiteElo "1577"]
[BlackElo "1751"]
[EventDate "2018.07.21"]
[WhiteFideId "1417118"]
[BlackFideId "1418246"]

1.e4 e5 2.Nf3 Nc6 3.Bb5 a6 4.Ba4 Be7 5.O-O Nf6 6.Re1 b5 7.Bb3 d6 8.h3 O-O 
9.c3 Na5 10.Bc2 c5 11.d4 Qc7 12.d5 h6 13.b3 Nb7 14.Qe2 Bd7 15.Nbd2 Qc8 16.
Qf1 Nh5 17.Nb1 f5 18.c4 f4 19.Nc3 b4 20.Ne2 g5 21.Nh2 f3 22.Ng4 Bxg4 23.
hxg4 fxe2 24.Qxe2 Nf4 25.Bxf4 gxf4 26.Qf3 Qe8 27.Qh3 Bg5 28.f3 Kg7 29.Kf2 
Qg6 30.Rh1 Rh8 31.Ke2 Rh7 32.Kd3 Rah8 33.Ke2 Qf6 34.Qh5 a5 35.Kd3 Nd8 36.
a4 Qg6 37.Qh3 Nf7 38.Qh5 Qxh5 39.Rxh5 Rf8 40.Rah1 Nh8 41.Ke2 Ng6 42.Kf1 
Ne7 43.Bd1 Rfh8 44.Kg1 Ng8 45.R5h3 Nf6 46.R1h2 Kg6 47.Rh1 h5 48.R1h2 hxg4 
49.Rxh7 Rxh7 50.Rxh7 Kxh7 51.fxg4 Bh4 52.Bf3 Bg3 53.Kf1 Kh6 54.Kg1 Kg5 55.
Kf1 Nxg4 56.Bxg4 Kxg4 57.Ke2 Bh4 58.Kf1 Kg3 59.Kg1 f3 0-1

[Event "Xtracon Chess Open 2018"]
[Site "Elsinore"]
[Date "2018.07.26"]
[Round "7"]
[White "Emborg, Jens"]
[Black "Andreasen, Jon S."]
[Result "1-0"]
[WhiteElo "1545"]
[BlackElo "1736"]
[EventDate "2018.07.21"]
[WhiteFideId "1437534"]
[BlackFideId "7201400"]

1.e4 c6 2.d4 d5 3.Nc3 dxe4 4.Nxe4 Nf6 5.Nxf6+ exf6 6.Nf3 Bd6 7.Bc4 O-O 8.
O-O Be6 9.Bxe6 fxe6 10.Be3 Nd7 11.c3 Nb6 12.Qb3 Qd7 13.Rad1 Rad8 14.c4 Bb8
15.Rd2 Qf7 16.Rfd1 Bc7 17.Qc2 Nc8 18.b4 b6 19.Rd3 Ne7 20.Bc1 Rfe8 21.Bb2 
Rd7 22.a4 Qg6 23.Qb3 Kh8 24.c5 Nd5 25.Bc1 Bf4 26.Nd2 Nxb4 27.Rf3 Nd5 28.
Nc4 Bxc1 29.Rxc1 bxc5 30.dxc5 Qg5 31.Re1 Nf4 32.Ne3 Rd3 33.Qc2 Rxe3 34.
fxe3 Nd5 35.e4 Nb4 36.Qc4 a5 37.Rd1 Qe5 38.Rd7 h6 39.Rf1 f5 40.Rfd1 fxe4 
41.Re1 Nd3 42.Rxd3 1-0

[Event "Xtracon Chess Open 2018"]
[Site "Elsinore"]
[Date "2018.07.26"]
[Round "7"]
[White "Norevall, Ulf"]
[Black "Jensen, Jonbert M. S."]
[Result "1-0"]
[WhiteElo "1733"]
[BlackElo "1481"]
[EventDate "2018.07.21"]
[WhiteFideId "1705555"]
[BlackFideId "1435914"]

1.d4 d5 2.c4 e6 3.Nc3 c6 4.e3 Nf6 5.Nf3 Bd6 6.Bd3 O-O 7.O-O Nbd7 8.b3 a6 
9.a4 Re8 10.Qc2 e5 11.cxd5 cxd5 12.e4 dxe4 13.Nxe4 Nxe4 14.Bxe4 Nf6 15.
dxe5 Bxe5 16.Nxe5 Rxe5 17.Bd3 Be6 18.Rd1 Qc8 19.Qxc8+ Rxc8 20.Bb2 Rec5 21.
b4 Rd5 22.Bxf6 gxf6 23.Be4 Rxd1+ 24.Rxd1 b6 25.Bb7 Rc4 26.Bxa6 Rxb4 27.Bb5
Bb3 28.Ra1 Rd4 29.g3 Kf8 30.Kf1 Bc4+ 31.Bxc4 Rxc4 32.Ke2 Rc5 33.Rb1 Rc6 
34.Rb4 Rc2+ 35.Ke3 Rc3+ 36.Kd2 Rf3 37.Ke2 Ra3 38.Rxb6 Rxa4 39.Rxf6 Kg7 40.
Rd6 Re4+ 41.Kf3 Re1 42.Kg4 Re2 43.Kf3 Re1 44.h4 Re5 45.Kf4 Re2 46.f3 Rh2 
47.Kg5 Rg2 48.g4 h5 49.Kxh5 f6 50.Rd7+ Kf8 51.Kg6 Rg3 52.Rd3 Ke7 53.Re3+ 
1-0

[Event "Xtracon Chess Open 2018"]
[Site "Elsinore"]
[Date "2018.07.26"]
[Round "7"]
[White "Falkesgaard, Jeppe Hald"]
[Black "Ji, Jiahao Eric"]
[Result "1/2-1/2"]
[WhiteElo "1731"]
[BlackElo "1463"]
[EventDate "2018.07.21"]
[WhiteFideId "1464981"]
[BlackFideId "1533371"]

1.d4 Nf6 2.Nf3 g6 3.c4 Bg7 4.Nc3 O-O 5.e4 d6 6.Be2 e5 7.O-O Nbd7 8.dxe5 
dxe5 9.Be3 h6 10.Qd2 Ng4 11.h3 Nxe3 12.Qxe3 c6 13.Rfd1 Qe7 14.a3 Nc5 15.b4
Ne6 16.c5 Bd7 17.Bc4 Rfd8 18.Rd2 Nd4 19.Ne2 Nxf3+ 20.Qxf3 Be6 21.Rxd8+ 
Rxd8 22.Bxe6 Qxe6 23.Ng3 Qd7 24.Kf1 h5 25.Qe2 h4 26.Nh1 Qd4 27.Qe1 Bh6 28.
f3 Bd2 29.Qd1 Qd3+ 30.Qe2 Bc3 31.Qxd3 Rxd3 32.Nf2 Rd2 33.Rd1 Rxd1+ 34.Nxd1
Bd4 35.Ke2 Kg7 36.Ne3 Bxe3 37.Kxe3 Kf6 38.a4 Ke6 39.b5 f5 40.Kd3 a6 41.
bxa6 bxa6 42.a5 fxe4+ 43.fxe4 Kf6 44.Ke3 Kg5 45.Kf3 Kh5 46.Kf2 Kg5 47.Kf3 
1/2-1/2

[Event "Xtracon Chess Open 2018"]
[Site "Elsinore"]
[Date "2018.07.26"]
[Round "7"]
[White "Gade, Jens"]
[Black "Christiansen, Torsten Sundgaar"]
[Result "0-1"]
[WhiteElo "1465"]
[BlackElo "1722"]
[EventDate "2018.07.21"]
[WhiteFideId "1416111"]
[BlackFideId "1419714"]

1.d4 Nf6 2.c4 g6 3.Nf3 d5 4.e3 c6 5.Be2 Bg7 6.O-O O-O 7.Nc3 Nbd7 8.Bd2 
dxc4 9.Bxc4 Nb6 10.Be2 Bf5 11.Nh4 Be6 12.Nf3 Nbd5 13.Re1 Rc8 14.b3 Nxc3 
15.Bxc3 Ne4 16.Bb2 Bd5 17.Nd2 f5 18.f3 Nf6 19.Bc4 Bh6 20.Bxd5+ cxd5 21.Rc1
e6 22.Kf2 Rf7 23.Qe2 Rfc7 24.Rxc7 Rxc7 25.Rc1 Rxc1 26.Bxc1 Qa5 27.a3 Qc3 
28.Qe1 f4 29.e4 Qxd4+ 30.Kf1 dxe4 31.Nxe4 Qd3+ 32.Qe2 Qxe2+ 33.Kxe2 Nxe4 
34.fxe4 f3+ 0-1

[Event "Xtracon Chess Open 2018"]
[Site "Elsinore"]
[Date "2018.07.26"]
[Round "7"]
[White "Gottschalck, Christian"]
[Black "Lye, Sverre"]
[Result "0-1"]
[WhiteElo "1721"]
[BlackElo "1405"]
[EventDate "2018.07.21"]
[WhiteFideId "1428357"]
[BlackFideId "1539353"]

1.e4 c5 2.d4 cxd4 3.c3 dxc3 4.Nxc3 e6 5.Bc4 Nc6 6.Nf3 Bb4 7.O-O Bxc3 8.
bxc3 Na5 9.Bb5 a6 10.Ba4 b5 11.Bc2 Bb7 12.Qe2 Rc8 13.Qd3 Qc7 14.Ba3 Nc4 
15.Bc1 Nf6 16.Re1 Ng4 17.Qd4 Nce5 18.Nxe5 Qxe5 19.Qxe5 Nxe5 20.Re3 Nc4 21.
Rg3 g6 22.Rb1 Nd6 23.Rb4 f5 24.exf5 Nxf5 25.Bxf5 exf5 26.Bf4 Rc4 27.Be5 
Rg8 28.Rb1 Re4 29.Bd4 Kf7 30.h3 Rge8 31.a4 Re1+ 32.Rxe1 Rxe1+ 33.Kh2 bxa4 
34.Bc5 Re2 35.Rd3 Bc6 36.Kg3 g5 37.Kh2 a3 38.Bxa3 Rxf2 39.Rg3 Kf6 40.Bc5 
Rc2 41.Bd4+ Kg6 42.h4 g4 43.Bc5 a5 44.Bd6 a4 45.Kg1 Kh5 0-1

[Event "Xtracon Chess Open 2018"]
[Site "Elsinore"]
[Date "2018.07.26"]
[Round "7"]
[White "Fjallheim, Benjamin Reinert"]
[Black "Skovgaard, Ib"]
[Result "0-1"]
[WhiteElo "1375"]
[BlackElo "1934"]
[EventDate "2018.07.21"]
[WhiteFideId "7202008"]
[BlackFideId "1406760"]

1.e4 c5 2.Nf3 e6 3.d4 cxd4 4.Nxd4 a6 5.c4 Nf6 6.Nc3 Qc7 7.Be3 Nc6 8.f3 Ne5
9.b3 Bb4 10.Qd2 O-O 11.Be2 d5 12.Bf4 Qa5 13.Rc1 Ng6 14.Bg5 e5 15.Bxf6 gxf6
16.Nf5 Bxf5 17.exf5 d4 18.fxg6 fxg6 19.O-O Bxc3 20.Qc2 f5 21.Bd3 Qc5 22.
Rf2 Rae8 23.Rcf1 Kg7 24.g4 fxg4 25.fxg4 Bb4 26.Rxf8 Rxf8 27.Rxf8 Qxf8 28.
Qf2 Qe7 29.Qf3 Bd2 30.Be4 Be3+ 31.Kg2 Qa3 32.Qe2 b6 33.Qc2 Qb4 34.Qe2 Qc3 
35.Bd3 Qa1 36.Kh3 Qg1 37.Qg2 Qd1 38.Qe4 Bf4 39.Qe2 Qxe2 40.Bxe2 e4 41.Kg2 
Kf6 42.h3 d3 43.Bf1 Ke5 44.Kf2 Kd4 45.a4 a5 46.Ke1 e3 47.Kd1 e2+ 48.Bxe2 
dxe2+ 49.Kxe2 Ke4 50.h4 h5 51.gxh5 gxh5 52.Kd1 Kd3 53.Ke1 Kc3 0-1

[Event "Xtracon Chess Open 2018"]
[Site "Elsinore"]
[Date "2018.07.26"]
[Round "7"]
[White "Lalla, Karol"]
[Black "Syndergaard, Stig"]
[Result "0-1"]
[WhiteElo "1580"]
[BlackElo "1830"]
[EventDate "2018.07.21"]
[WhiteFideId "12947407"]
[BlackFideId "1432435"]

1.d4 Nf6 2.f4 d5 3.Nf3 Bf5 4.e3 e6 5.Be2 h6 6.O-O Be7 7.Bd2 O-O 8.Be1 Nbd7
9.Bh4 Ng4 10.Bxe7 Qxe7 11.Qd2 Bxc2 12.Qxc2 Nxe3 13.Qxc7 Nxf1 14.Kxf1 Qb4 
15.b3 Nf6 16.Qc5 Qxc5 17.dxc5 Rfc8 18.b4 a5 19.Ne5 axb4 20.Nd3 Ne4 21.Ke1 
b3 22.a3 Nxc5 0-1

[Event "Xtracon Chess Open 2018"]
[Site "Elsinore"]
[Date "2018.07.26"]
[Round "7"]
[White "Damm, Henrik"]
[Black "Larsen, Arne Walther"]
[Result "1/2-1/2"]
[WhiteElo "1567"]
[BlackElo "1750"]
[EventDate "2018.07.21"]
[WhiteFideId "1425013"]
[BlackFideId "1411357"]

1.c4 Nf6 2.Nf3 g6 3.Nc3 Bg7 4.g3 d6 5.Bg2 O-O 6.O-O Nc6 7.d4 a6 8.b3 Rb8 
9.Bb2 Bf5 10.Nh4 Bd7 11.Nf3 Bg4 12.Re1 Bxf3 13.Bxf3 e5 14.dxe5 Nxe5 15.Bg2
c6 16.Qc2 1/2-1/2

[Event "Xtracon Chess Open 2018"]
[Site "Elsinore"]
[Date "2018.07.26"]
[Round "7"]
[White "Starup, Leo"]
[Black "Stage-Steffensen, Theo"]
[Result "0-1"]
[WhiteElo "1562"]
[BlackElo "1697"]
[EventDate "2018.07.21"]
[WhiteFideId "1422669"]
[BlackFideId "1455818"]

1.d4 Nf6 2.c4 e6 3.Nf3 d5 4.cxd5 exd5 5.Bg5 Be7 6.e3 Nbd7 7.Be2 Ne4 8.Bxe7
Qxe7 9.Nc3 Ndf6 10.h3 Nxc3 11.bxc3 Ne4 12.Qb3 c6 13.O-O Qf6 14.a4 h5 15.c4
Bg4 16.Ra2 dxc4 17.Qxc4 Be6 18.Qc2 Bxa2 19.Qxa2 Nc3 20.Qc4 Nxe2+ 21.Qxe2 
O-O 22.Ne5 Qd6 23.Qxh5 Qd5 24.Qg4 Qe6 25.Qh4 c5 26.f4 cxd4 27.exd4 Rad8 
28.Re1 Qf6 29.Qg4 Rfe8 30.Rd1 Qb6 31.f5 Rxe5 0-1

[Event "Xtracon Chess Open 2018"]
[Site "Elsinore"]
[Date "2018.07.26"]
[Round "7"]
[White "Yilmaz, Kazim"]
[Black "Hina, Ariza"]
[Result "1/2-1/2"]
[WhiteElo "1669"]
[BlackElo "1483"]
[EventDate "2018.07.21"]
[WhiteFideId "1514326"]
[BlackFideId "1525441"]

1.Nf3 d5 2.d4 Nf6 3.Bf4 c6 4.c3 Bf5 5.e3 e6 6.Bd3 Bxd3 7.Qxd3 Nbd7 8.Nbd2 
Be7 9.O-O O-O 10.e4 dxe4 11.Nxe4 Nxe4 12.Qxe4 Nf6 13.Qc2 Bd6 14.Bxd6 Qxd6 
15.Rfe1 Rac8 16.Ng5 h6 17.Ne4 Nxe4 18.Qxe4 Qd5 19.Qxd5 cxd5 20.f4 Rfe8 
1/2-1/2

[Event "Xtracon Chess Open 2018"]
[Site "Elsinore"]
[Date "2018.07.26"]
[Round "7"]
[White "Knudsen, Jan"]
[Black "Kristiansen, Elias V."]
[Result "0-1"]
[WhiteElo "1659"]
[BlackElo "1163"]
[EventDate "2018.07.21"]
[WhiteFideId "1460803"]
[BlackFideId "1530003"]

1.e4 Nf6 2.e5 Nd5 3.c4 Nb6 4.d4 d6 5.f4 dxe5 6.fxe5 Nc6 7.Be3 Bf5 8.Bd3 
Bxd3 9.Qxd3 Nxe5 10.Qb3 Nexc4 11.Bf2 Qd5 12.Nc3 Qxg2 13.Nb5 Qe4+ 14.Kd1 
Qf4 15.Ke1 c6 16.Ne2 Qd2+ 17.Kf1 Qxb2 18.Nc7+ Kd7 19.Qg3 Rc8 20.Qg4+ e6 
21.Qf4 f5 22.Nxe6 Kxe6 23.Qg5 Qxa1+ 24.Kg2 Qb2 25.Nf4+ Kd6 26.Re1 Kc7 27.
Ne6+ Kb8 28.Kg1 Nd2 29.Bg3+ Ka8 30.Nc7+ Rxc7 31.Re8+ Rc8 32.Rxc8+ Nxc8 33.
Qd8 Qxd4+ 0-1

[Event "Xtracon Chess Open 2018"]
[Site "Elsinore"]
[Date "2018.07.26"]
[Round "7"]
[White "Stromhaug, Kristoffer Wang"]
[Black "Petersen, Jan"]
[Result "1-0"]
[WhiteElo "1502"]
[BlackElo "1647"]
[EventDate "2018.07.21"]
[WhiteFideId "1533401"]
[BlackFideId "1426320"]

1.e4 e5 2.Nf3 Nc6 3.d4 exd4 4.Nxd4 Bc5 5.Be3 Qf6 6.c3 Nge7 7.f4 d6 8.g3 
Bd7 9.Bg2 Nxd4 10.Bxd4 Bxd4 11.cxd4 Bb5 12.Nc3 Ba6 13.Qa4+ c6 14.e5 dxe5 
15.dxe5 Qe6 16.O-O-O O-O 17.Rd6 Qc4 18.Qxc4 Bxc4 19.Rd7 Bd5 20.Bxd5 Nxd5 
21.Nxd5 cxd5 22.Rxb7 Rfc8+ 23.Kd2 Rab8 24.Rxb8 Rxb8 25.b3 Kf8 26.Rc1 Rb7 
27.Rc5 Rd7 28.f5 Ke7 29.Kd3 g6 30.g4 h5 31.h3 hxg4 32.hxg4 gxf5 33.gxf5 f6
34.e6 Rd8 35.Kd4 Kf8 36.Rxd5 Rb8 37.Rd7 Rb5 38.Rf7+ Ke8 39.Rxf6 1-0

[Event "Xtracon Chess Open 2018"]
[Site "Elsinore"]
[Date "2018.07.26"]
[Round "7"]
[White "Hjornevik, Oyvind"]
[Black "Svane, Freja"]
[Result "1-0"]
[WhiteElo "1414"]
[BlackElo "1608"]
[EventDate "2018.07.21"]
[WhiteFideId "1516159"]
[BlackFideId "12940100"]

1.c4 e6 2.g3 d5 3.Bg2 Nf6 4.cxd5 Nxd5 5.Nc3 Nb6 6.Rb1 a5 7.Nf3 Be7 8.d4 
O-O 9.O-O c5 10.e4 cxd4 11.Qxd4 Qc7 12.Bf4 Qd8 13.Qxd8 Rxd8 14.Bc7 N6d7 
15.Bxd8 Bxd8 16.e5 Nc6 17.Rbd1 Bc7 18.Rfe1 h6 19.Re2 Bxe5 20.Rxd7 Bxc3 21.
Rd3 Bf6 22.a3 a4 23.Rc2 Kf8 24.Nd2 Ne5 25.Rdc3 Nc6 26.Rc4 Bd7 27.Ne4 Be7 
28.Nc5 Bxc5 29.Rxc5 Ke7 30.Rd2 Ra6 31.Rb5 Ra7 32.Rc5 Ra6 33.Rc4 Ra5 34.
Rdc2 Ra8 35.Rg4 g5 36.Rgc4 Ra6 37.h4 Ra5 38.hxg5 hxg5 39.Rc5 Rxc5 40.Rxc5 
Kf6 41.Rb5 Nd8 42.Rb4 Be8 43.Bxb7 Nxb7 44.Rxb7 Bc6 45.Ra7 g4 46.Ra5 Kg6 
47.Kf1 f5 48.Ke2 Kf6 49.Kd3 Bd7 50.Kc3 e5 51.b3 axb3 52.Kxb3 Be6+ 53.Kc3 
f4 54.Ra6 e4 55.Kd2 e3+ 56.Ke2 exf2 57.Kxf2 fxg3+ 58.Kxg3 Ke5 59.a4 Bc8 
60.Ra8 Bb7 61.Rb8 Bf3 62.a5 Kd6 63.Rc8 Bc6 64.a6 Kd7 65.Rb8 Kc7 66.a7 Ba8 
67.Rxa8 Kb7 68.Rg8 Kxa7 69.Rxg4 1-0

[Event "Xtracon Chess Open 2018"]
[Site "Elsinore"]
[Date "2018.07.26"]
[Round "7"]
[White "Tummasarson, Flovin M."]
[Black "Nielsen, Leo Kresten Roland"]
[Result "1/2-1/2"]
[WhiteElo "1237"]
[BlackElo "1653"]
[EventDate "2018.07.21"]
[WhiteFideId "7202431"]
[BlackFideId "1426095"]

1.e4 e5 2.Nf3 Nc6 3.Bc4 Nf6 4.d3 d5 5.exd5 Nxd5 6.Bxd5 Qxd5 7.Nc3 Bb4 8.
Bd2 Bxc3 9.Bxc3 Bg4 10.h3 Bxf3 11.Qxf3 O-O-O 12.Qxd5 Rxd5 13.O-O-O f6 14.
Rhf1 a5 15.f4 Re8 16.Rde1 Nb4 17.Bxb4 axb4 18.Re4 c5 19.Rfe1 Kd7 20.b3 b5 
21.Kb2 Kd6 22.g4 g6 23.R4e3 Rd4 24.Rf1 Re6 25.f5 gxf5 26.Rxf5 Rf4 27.Rh5 
Re7 28.Rh6 Rg7 29.g5 Rf7 30.gxf6 R4xf6 31.Rh5 Re7 32.a3 bxa3+ 33.Kxa3 h6 
34.b4 Rfe6 35.bxc5+ Kxc5 36.c3 b4+ 37.Kb3 bxc3 38.Kxc3 Kd6 39.Re4 Rc7+ 40.
Kd2 Kd5 41.Reh4 Rg6 42.d4 Re7 43.dxe5 Rxe5 44.Rxe5+ Kxe5 45.Ke3 Rf6 46.
Rh5+ Ke6 47.Ke4 Rg6 48.Kf4 Kf7 49.Rh4 Rf6+ 50.Kg3 Ra6 51.Rf4+ Kg6 52.Kh4 
h5 53.Rb4 Ra5 54.Rc4 Rf5 55.Ra4 1/2-1/2

[Event "Xtracon Chess Open 2018"]
[Site "Elsinore"]
[Date "2018.07.26"]
[Round "7"]
[White "Horslund, Mikael"]
[Black "Nielsen, Bjorn"]
[Result "1-0"]
[WhiteElo "1714"]
[BlackElo "1261"]
[EventDate "2018.07.21"]
[WhiteFideId "1421042"]
[BlackFideId "1416839"]

1.Nf3 Nc6 2.d4 d5 3.Bf4 e6 4.e3 Bd6 5.Bg3 Bxg3 6.hxg3 Qe7 7.Bd3 h6 8.Nbd2 
Nf6 9.c4 dxc4 10.Bxc4 Bd7 11.Qe2 O-O-O 12.O-O-O Kb8 13.Kb1 Nd5 14.a3 Nb6 
15.Ba2 f6 16.Nh4 Qf7 17.Nc4 Nxc4 18.Qxc4 Rhe8 19.Rc1 Rc8 20.Ka1 Nd8 21.Rc3
Re7 22.Rhc1 Bc6 23.Qb4 Ka8 24.Nf3 Bxf3 25.gxf3 c6 26.e4 Qe8 27.f4 Rcc7 28.
Bb1 Red7 29.a4 Qe7 30.Qxe7 Rxe7 31.Bc2 Kb8 32.Rd1 a6 33.Rcd3 Kc8 34.a5 Nf7
35.e5 f5 36.Rh1 g6 37.Rd2 h5 38.f3 Nh8 39.g4 Rh7 40.Bb3 Rce7 41.Rdh2 h4 
42.Rxh4 Rxh4 43.Rxh4 Re8 44.Rh7 g5 45.gxf5 gxf4 46.Bxe6+ Kb8 47.Ka2 Rd8 
48.Kb3 Ka7 49.Kc4 Re8 50.Kc5 Ng6 51.Bf7 Rh8 52.fxg6 b6+ 53.axb6+ Kb7 54.
Rxh8 a5 55.d5 cxd5 56.Bxd5+ Ka6 57.Ra8# 1-0

[Event "Xtracon Chess Open 2018"]
[Site "Elsinore"]
[Date "2018.07.26"]
[Round "7"]
[White "Ji, Jiabao Eivind"]
[Black "Wahlgreen, Noah"]
[Result "0-1"]
[WhiteElo "1250"]
[BlackElo "1568"]
[EventDate "2018.07.21"]
[WhiteFideId "1540882"]
[BlackFideId "1457349"]

1.e4 c5 2.Nf3 d6 3.d4 cxd4 4.Nxd4 Nf6 5.Nc3 g6 6.Be2 Bg7 7.Be3 O-O 8.f3 
Bd7 9.Qd2 Re8 10.O-O Nc6 11.Nb3 Rc8 12.Rad1 a6 13.Kh1 Ne5 14.Bh6 Bh8 15.h3
Nc4 16.Bxc4 Rxc4 17.Qe3 Qc7 18.Nd2 Rc5 19.Nb3 Re5 20.Bf4 Rh5 21.Kh2 b5 22.
a3 Bxh3 23.gxh3 Qc8 24.Kg2 Qxh3+ 25.Kf2 e5 26.Bg3 Bg7 27.Rh1 Bh6 28.Qe1 
Qe6 29.Rxh5 Nxh5 30.Qg1 Qh3 31.Rd3 Bg5 32.Ne2 Rc8 33.c3 Qe6 34.Nbc1 Bd8 
35.Qd1 Bb6+ 36.Kg2 Rc6 37.Bf2 Bxf2 38.Kxf2 Ng7 39.Qh1 f5 40.Rd1 fxe4 41.
fxe4 Qf6+ 42.Qf3 Qh4+ 43.Ng3 Ne6 44.Rh1 Qf4 45.Qxf4 Nxf4 46.Nce2 Nd3+ 47.
Ke3 Nxb2 48.Ra1 Nc4+ 49.Kd3 Kg7 50.Kc2 Nb6 51.Kb3 h5 52.Rd1 Na4 53.Kb4 Nc5
54.Rg1 Kf6 55.Rf1+ Kg5 56.Rf7 h4 57.Nh1 Nxe4 58.Rh7 Nc5 59.Nf2 Ne6 60.Rd7 
Nc5 61.Nh3+ Kg4 0-1

[Event "Xtracon Chess Open 2018"]
[Site "Elsinore"]
[Date "2018.07.26"]
[Round "7"]
[White "Gabrielsen, Rasmus Arvola"]
[Black "Tarakanov, Vladislav"]
[Result "0-1"]
[WhiteElo "1546"]
[BlackElo "1380"]
[EventDate "2018.07.21"]
[WhiteFideId "1531190"]
[BlackFideId "54149010"]

1.Nf3 d5 2.g3 Nf6 3.Bg2 Bf5 4.O-O e6 5.c4 c6 6.cxd5 cxd5 7.d4 Nc6 8.Bg5 
Be7 9.Nc3 O-O 10.a3 Qb6 11.b4 a6 12.e3 Rac8 13.Qd2 Rfe8 14.Bxf6 Bxf6 15.
Na4 Qc7 16.Nc5 Ra8 17.Rfc1 b6 18.Nd3 Qb7 19.h4 Rac8 20.Qe2 Rc7 21.Nd2 Rec8
22.Nb3 h6 23.f4 Bh7 24.Qd2 Qb8 25.Ne5 Bxe5 26.dxe5 Bf5 27.Nd4 Nxd4 28.exd4
Qa7 29.Re1 b5 30.Qe3 Rc3 31.Qf2 Rc2 32.Re2 Rxe2 33.Qxe2 Qxd4+ 34.Kh2 Qxa1 
35.g4 Bh7 36.g5 hxg5 37.hxg5 Qd4 38.Qg4 Rc4 39.g6 Bxg6 40.Bf1 Qf2+ 41.Qg2 
Qxf4+ 42.Kg1 Rc2 43.Be2 Qe3+ 44.Qf2 Qxe2 45.Qxe2 Rxe2 0-1

[Event "Xtracon Chess Open 2018"]
[Site "Elsinore"]
[Date "2018.07.26"]
[Round "7"]
[White "O`gorman, Pipa"]
[Black "Kharraziha, Hamid"]
[Result "1/2-1/2"]
[WhiteElo "1231"]
[BlackElo "1502"]
[EventDate "2018.07.21"]
[WhiteFideId "45171637"]
[BlackFideId "1726862"]

1.d4 d5 2.Bf4 Nf6 3.e3 e6 4.c3 Bd6 5.Bg3 Nbd7 6.Bd3 e5 7.dxe5 Nxe5 8.Nf3 
Qe7 9.O-O Nxf3+ 10.Qxf3 Bg4 11.Bxd6 Qxd6 12.Qg3 Qxg3 13.hxg3 O-O 14.Nd2 
Rad8 15.Nb3 b6 16.Nd4 c5 17.Nc6 Rd7 18.Ne5 Rd6 19.b4 Be6 20.bxc5 bxc5 21.
Rab1 c4 22.Bc2 Ne4 23.Bxe4 dxe4 24.f4 f6 25.f5 fxe5 26.fxe6 Rxf1+ 27.Kxf1 
Rxe6 28.Rb8+ Kf7 29.Rb7+ Re7 30.Rb4 Rc7 31.Kf2 Ke6 32.g4 g5 33.Ke2 Kd6 34.
Ra4 Kc5 35.Ra5+ Kd6 36.Ra4 1/2-1/2

[Event "Xtracon Chess Open 2018"]
[Site "Elsinore"]
[Date "2018.07.26"]
[Round "7"]
[White "Morling, Aase"]
[Black "Schouten, Ken Ronny"]
[Result "1/2-1/2"]
[WhiteElo "1476"]
[BlackElo "1309"]
[EventDate "2018.07.21"]
[WhiteFideId "1440993"]
[BlackFideId "1533010"]

1.e4 d6 2.d4 Nf6 3.Nc3 g6 4.Nf3 Bg7 5.Be2 O-O 6.O-O Nbd7 7.Be3 Ng4 8.Bg5 
c5 9.h3 cxd4 10.Nxd4 Ngf6 11.Qd2 Re8 12.Bh6 Bh8 13.Bb5 a6 14.Ba4 b5 15.Bb3
Bb7 16.f3 Nc5 17.Bd5 Nxd5 18.Nxd5 e6 19.Nc3 Qb6 20.Be3 Rad8 21.Nb3 Qc7 22.
Nxc5 dxc5 23.Qf2 Bd4 24.Bxd4 cxd4 25.Ne2 d3 26.cxd3 Rxd3 27.Nf4 Rd7 28.Ne2
Red8 29.Rac1 Qe5 30.b3 Rd2 31.Qb6 R8d7 32.Nc3 Qd4+ 33.Qxd4 R7xd4 34.Rf2 b4
35.Rxd2 Rxd2 36.Na4 Rd7 37.Nb6 Re7 38.Nc8 Rd7 39.Nb6 Re7 40.Kf2 f5 41.exf5
exf5 42.Re1 Kf7 43.Rxe7+ Kxe7 44.Ke3 Kd6 45.f4 Bxg2 46.h4 Be4 47.Nc4+ Kc5 
48.Kd2 Kd4 49.Ne3 Kc5 50.Nc4 a5 1/2-1/2

[Event "Xtracon Chess Open 2018"]
[Site "Elsinore"]
[Date "2018.07.26"]
[Round "7"]
[White "Mansoor, Areeb"]
[Black "Jensen, Hans Askov"]
[Result "0-1"]
[WhiteElo "1205"]
[BlackElo "1473"]
[EventDate "2018.07.21"]
[WhiteFideId "1535870"]
[BlackFideId "1419889"]

1.e4 e5 2.Nf3 Nc6 3.d4 exd4 4.Bc4 Bc5 5.c3 d5 6.exd5 Na5 7.Bd3 dxc3 8.Nxc3
Nf6 9.Bd2 b6 10.a3 Nb7 11.Bg5 O-O 12.Bxf6 Qxf6 13.Bc2 Re8+ 14.Kf1 Nd6 15.
b4 Qxc3 16.bxc5 Qxc5 17.Qd3 Bf5 18.Qd2 Bxc2 19.Re1 Qb5+ 20.Kg1 Be4 21.Rxe4
Nxe4 22.Qa2 0-1

[Event "Xtracon Chess Open 2018"]
[Site "Elsinore"]
[Date "2018.07.26"]
[Round "7"]
[White "Olsen, Lars Peter Levin"]
[Black "Johansen, Paul Ivar"]
[Result "1/2-1/2"]
[WhiteElo "1106"]
[BlackElo "1244"]
[EventDate "2018.07.21"]
[WhiteFideId "1454102"]
[BlackFideId "1508024"]

1.e4 c6 2.c4 e5 3.Nf3 d6 4.h3 Nf6 5.Nc3 d5 6.cxd5 cxd5 7.Nxe5 Be6 8.d4 Bb4
9.Bb5+ Bd7 10.O-O Bxc3 11.Bxd7+ Nbxd7 12.bxc3 Nxe5 13.dxe5 Nxe4 14.Ba3 
Nxc3 15.Qf3 Nb5 16.Bc5 b6 17.Bb4 a5 18.Bd2 Nd4 19.Qg4 Ne6 20.Qa4+ 1/2-1/2

[Event "Xtracon Chess Open 2018"]
[Site "Elsinore"]
[Date "2018.07.26"]
[Round "7"]
[White "Schnell, Andrea"]
[Black "Jensen, Johannes Frank"]
[Result "1-0"]
[WhiteElo "1270"]
[BlackElo "1354"]
[EventDate "2018.07.21"]
[WhiteFideId "16208587"]
[BlackFideId "1457942"]

1.d4 d5 2.Bf4 Nf6 3.e3 a6 4.Bd3 Nc6 5.c3 Bg4 6.Nf3 e6 7.Nbd2 Bd6 8.Bg3 
Bxg3 9.hxg3 Qe7 10.Qb3 Rb8 11.Qc2 Bf5 12.Ne5 Bxd3 13.Qxd3 O-O 14.f3 g6 15.
g4 Rfe8 16.Qe2 Qd6 17.Qf2 Nxe5 18.dxe5 Qxe5 19.O-O-O b5 20.Rde1 a5 21.f4 
Qd6 22.Nf3 Qa6 23.Re2 Ne4 24.Qe1 Nc5 25.Ne5 Qd6 26.Qh4 a4 27.Qxh7+ Kf8 28.
Qxf7# 1-0

[Event "Xtracon Chess Open 2018"]
[Site "Elsinore"]
[Date "2018.07.26"]
[Round "7"]
[White "Schjolin, John"]
[Black "Thybo, Jan"]
[Result "0-1"]
[WhiteElo "1160"]
[BlackElo "1272"]
[EventDate "2018.07.21"]
[WhiteFideId "1439413"]
[BlackFideId "1438824"]

1.Nf3 Nf6 2.g3 g6 3.Bg2 d6 4.Nc3 Bg7 5.d4 O-O 6.e4 Nbd7 7.O-O a6 8.a3 Rb8 
9.b4 b5 10.Bb2 Nb6 11.a4 Nc4 12.Bc1 c6 13.a5 Bb7 14.Re1 e5 15.Na2 d5 16.
Nxe5 dxe4 17.Nxc4 bxc4 18.c3 Re8 19.Bf4 Rc8 20.Qd2 Qd5 21.Re3 c5 22.Rae1 
cxb4 23.Nxb4 Qxa5 24.h3 Qd8 25.R3e2 a5 26.Na2 Bd5 27.Bg5 Qd7 28.Bxf6 Bxf6 
29.Qf4 Qf5 30.Qxf5 gxf5 31.h4 h5 32.Bh3 Be6 33.Kg2 Kh7 34.Re3 Rg8 35.Nc1 
Bxh4 36.Ne2 Bg5 37.Nf4 Bxf4 38.R3e2 h4 39.Rg1 hxg3 40.fxg3 Rxg3+ 41.Kh2 
Re3+ 0-1

[Event "Xtracon Chess Open 2018"]
[Site "Elsinore"]
[Date "2018.07.27"]
[Round "8"]
[White "Svane, Rasmus"]
[Black "Agdestein, Simen"]
[Result "1-0"]
[WhiteElo "2580"]
[BlackElo "2581"]
[EventDate "2018.07.21"]
[WhiteFideId "4657101"]
[BlackFideId "1500015"]

1.d4 Nf6 2.c4 e6 3.g3 d5 4.Bg2 Be7 5.Nf3 O-O 6.O-O dxc4 7.Qc2 a6 8.a4 Bd7 
9.Rd1 Bc6 10.Bg5 a5 11.Nbd2 Na6 12.Nxc4 Nb4 13.Qb3 b6 14.Nfe5 Bxg2 15.Kxg2
Qe8 16.Rac1 h6 17.Bd2 Nc6 18.Nf3 Rc8 19.Be1 Nd7 20.Na3 Bxa3 21.Qxa3 Ndb8 
22.Rc4 Na6 23.Rdc1 Ne7 24.Qb3 Rb8 25.Qb5 Qc8 26.Ne5 Rd8 27.Qb3 Qb7+ 28.Qf3
f6 29.Qxb7 Rxb7 30.Nf3 Nf5 31.g4 Nd6 32.Rc6 Kf7 33.Bxa5 Ke7 34.Bd2 Kd7 35.
b4 Ra8 36.R6c2 Nb8 37.a5 bxa5 38.bxa5 Ra6 39.Ne1 Ne4 40.Nd3 Rc6 41.Rxc6 
Nxc6 42.f3 Nxd2 43.Nc5+ Kc8 44.Nxb7 Kxb7 45.a6+ Kb6 46.Rc2 Nb3 47.a7 Nxa7 
48.Rb2 Kb5 49.Rxb3+ Kc4 50.Rb8 c6 51.e3 e5 52.dxe5 fxe5 53.Rb7 Nb5 54.Rxg7
c5 55.f4 Kd3 56.fxe5 c4 57.Rb7 1-0

[Event "Xtracon Chess Open 2018"]
[Site "Elsinore"]
[Date "2018.07.27"]
[Round "8"]
[White "Notkevich, Benjamin Arvola"]
[Black "Chatalbashev, Boris"]
[Result "1-0"]
[WhiteElo "2471"]
[BlackElo "2543"]
[EventDate "2018.07.21"]
[WhiteFideId "1506536"]
[BlackFideId "2900440"]

1.e4 g6 2.d4 Bg7 3.c4 d6 4.Nf3 Bg4 5.Be2 Nc6 6.Be3 e5 7.d5 Bxf3 8.Bxf3 Nd4
9.O-O Ne7 10.Nc3 c5 11.dxc6 bxc6 12.c5 O-O 13.cxd6 Qxd6 14.b3 Rad8 15.Na4 
f5 16.Rc1 Qf6 17.Bxd4 Rxd4 18.Qe2 fxe4 19.Bxe4 Nd5 20.Rcd1 Nf4 21.Qf3 Qh4 
22.Rxd4 exd4 23.Bxc6 d3 24.Kh1 d2 25.g3 Qh3 26.Rd1 Ne6 27.Qe2 Rd8 28.Bg2 
Qf5 29.h3 Bh6 30.Nc3 Nd4 31.Qc4+ Kh8 32.Nd5 Qxf2 33.Qc3 Rxd5 34.Bxd5 Be3 
35.Qc8+ Kg7 36.Qd7+ Kh6 37.Qg4 Nf5 38.Bg2 Qe1+ 39.Kh2 Bg1+ 40.Kh1 Bf2+ 41.
Bf1 Bxg3 42.Qe2 Qxe2 43.Bxe2 Be1 44.Kg1 Ne3 45.Ra1 Kg5 46.b4 Nd5 47.b5 Nc3
48.Kf1 Bg3 49.a4 Be5 50.Ra3 d1=Q+ 51.Bxd1 Nxd1 52.a5 Nb2 53.b6 a6 54.b7 
Nc4 55.Ra4 Nd2+ 56.Kg2 Nb3 57.Re4 Bd6 58.Re6 Bf4 59.Rxa6 Nc5 60.Rc6 Nxb7 
61.a6 Nd8 62.Rc8 1-0